[Event "DEM U12/U12w 2008"]
[Site "Willingen GER"]
[Date "2008.05.12"]
[Round "3"]
[White "Blübaum, Matthias"]
[Black "Große, Christian"]
[Result "1/2-1/2"]
[Termination "normal"]
[Board "2"]
[WhiteElo "1912"]
[BlackElo "1885"]
[PlyCount "44"]
[WhiteFideId "24651516"]
[BlackFideId "24646156"]
[EventCountry "GER"]
[EventRounds "11"]
[EventType "swiss"]
[EventDate "2008.05.10"]

1. d4 Nf6 2. c4 g6 3. Nc3 Bg7 4. e4 O-O 5. Nf3 c5 6. Be2 d6 7. O-O Nbd7 8. h3
b6 9. Be3 Bb7 10. d5 b5 11. cxb5 a6 12. b6 Nxb6 13. Nd2 e6 14. dxe6 fxe6 15.
Qb3 Kh8 16. Qxe6 Nbd5 17. Nc4 Nxc3 18. bxc3 Nxe4 19. Nd2 Re8 20. Qc4 d5 21. Qd3
Nxc3 22. Bf3 Qc7 1/2-1/2

[Event "DEM U12/U12w 2008"]
[Site "Willingen GER"]
[Date "2008.05.12"]
[Round "3"]
[White "Noe, Christopher"]
[Black "Kreyssig, Robert"]
[Result "1/2-1/2"]
[Termination "normal"]
[Board "3"]
[WhiteElo "1877"]
[BlackElo "1775"]
[PlyCount "46"]
[WhiteFideId "24692018"]
[BlackFideId "4662881"]
[EventCountry "GER"]
[EventRounds "11"]
[EventType "swiss"]
[EventDate "2008.05.10"]

1. e4 c6 2. d4 d5 3. Nc3 dxe4 4. Nxe4 Bf5 5. Ng3 Bg6 6. Nf3 Nd7 7. c3 e6 8. Bc4
Ngf6 9. O-O Be7 10. Re1 O-O 11. Nh4 Re8 12. Nxg6 hxg6 13. Bg5 Qb6 14. Qb3 Qxb3
15. Bxb3 c5 16. Ba4 Red8 17. Bxd7 Rxd7 18. dxc5 Bxc5 19. Bxf6 gxf6 20. Rad1
Rad8 21. Rxd7 Rxd7 22. Kf1 f5 23. Ke2 Kg7 1/2-1/2

[Event "DEM U12/U12w 2008"]
[Site "Willingen GER"]
[Date "2008.05.12"]
[Round "3"]
[White "Höpfner, Tim"]
[Black "Rührmund, Daniel"]
[Result "1-0"]
[Termination "normal"]
[Board "4"]
[WhiteElo "1766"]
[BlackElo "1823"]
[PlyCount "97"]
[WhiteFideId "4638310"]
[BlackFideId "24674583"]
[EventCountry "GER"]
[EventRounds "11"]
[EventType "swiss"]
[EventDate "2008.05.10"]

1. d4 Nf6 2. c4 c5 3. d5 e6 4. Nc3 exd5 5. cxd5 d6 6. e4 g6 7. f4 Bg7 8. Bb5+
Nfd7 9. a4 a6 10. Bc4 Qh4+ 11. g3 Qe7 12. Nf3 O-O 13. O-O Re8 14. Re1 Nb6 15.
Bf1 Bg4 16. Bg2 Bxf3 17. Bxf3 N6d7 18. Bd2 Qd8 19. a5 b5 20. axb6 Nxb6 21. Qb3
N8d7 22. Nd1 c4 23. Qc2 Nc5 24. Be3 Nb3 25. Rb1 Nd4 26. Qf2 Nxf3+ 27. Qxf3 c3
28. bxc3 Nc4 29. Bc1 Qc7 30. Qd3 a5 31. Ne3 Nxe3 32. Rxe3 Rec8 33. Ba3 Qa7 34.
Rc1 a4 35. Kg2 Qb6 36. Rb1 Qd8 37. e5 dxe5 38. fxe5 Ra5 39. c4 Qc7 40. c5 Rxc5
41. Bxc5 Qxc5 42. Ra1 Rd8 43. Rxa4 Rxd5 44. Ra8+ Bf8 45. Qc3 Qb5 46. e6 Qb7 47.
Rxf8+ Kxf8 48. e7+ Qxe7 49. Qh8# 1-0

[Event "DEM U12/U12w 2008"]
[Site "Willingen GER"]
[Date "2008.05.12"]
[Round "3"]
[White "Golosnyak, Alexander"]
[Black "Peil, Christoph"]
[Result "0-1"]
[Termination "normal"]
[Board "5"]
[WhiteElo "1479"]
[BlackElo "1680"]
[PlyCount "104"]
[WhiteFideId "24659703"]
[BlackFideId "24651800"]
[EventCountry "GER"]
[EventRounds "11"]
[EventType "swiss"]
[EventDate "2008.05.10"]

1. e4 c5 2. Nf3 Nc6 3. d4 cxd4 4. Nxd4 Nf6 5. Nc3 e6 6. Ndb5 Bb4 7. a3 Bxc3+ 8.
Nxc3 d5 9. exd5 exd5 10. Bd3 O-O 11. O-O Ne5 12. Bg5 Be6 13. Re1 Ned7 14. Bb5
Nb6 15. Qf3 a6 16. Bxf6 Qxf6 17. Qxf6 gxf6 18. Be2 Rac8 19. Rad1 Rfd8 20. Bf3
d4 21. Ne2 Rxc2 22. Nxd4 Rxb2 23. Nxe6 Rxd1 24. Rxd1 fxe6 25. Bxb7 a5 26. Ra1
Kf8 27. h3 Ke7 28. Rd1 Nd7 29. Bc6 Ne5 30. Be4 f5 31. Bb1 h5 32. f4 Nc4 33. Bd3
Ne3 34. Re1 Nxg2 35. Rf1 Nh4 36. Rf2 Rb3 37. Be2 Rg3+ 38. Kh2 Rxa3 39. Bxh5 a4
40. Kg1 Rxh3 41. Ra2 a3 42. Rd2 Nf3+ 43. Bxf3 Rxf3 44. Ra2 Rb3 45. Ra1 Kd6 46.
Kf1 Kc5 47. Ke1 Kb4 48. Kd2 Rb2+ 49. Kd3 a2 50. Kd4 Kb3 51. Ke5 Re2+ 52. Kf6
Kb2 0-1

[Event "DEM U12/U12w 2008"]
[Site "Willingen GER"]
[Date "2008.05.12"]
[Round "3"]
[White "Gibicar, Danijel"]
[Black "Kuckling, Hannah"]
[Result "1-0"]
[Termination "normal"]
[Board "6"]
[WhiteElo "1662"]
[BlackElo "1531"]
[PlyCount "57"]
[WhiteFideId "24660256"]
[BlackFideId "24603660"]
[EventCountry "GER"]
[EventRounds "11"]
[EventType "swiss"]
[EventDate "2008.05.10"]

1. d4 Nf6 2. Nf3 g6 3. Nbd2 Bg7 4. e4 d6 5. Be2 O-O 6. O-O Nbd7 7. c3 c5 8. b3
a6 9. a4 b6 10. Ba3 Bb7 11. Bd3 d5 12. Qe2 dxe4 13. Nxe4 Nd5 14. dxc5 bxc5 15.
Rac1 Qa5 16. Bb2 f5 17. Ned2 Nxc3 18. Qe6+ Kh8 19. Qxd7 Bxf3 20. Nxf3 Rad8 21.
Bxc3 Bxc3 22. Qxe7 Rfe8 23. Qf7 Rf8 24. Qc4 Bg7 25. Ng5 Rd4 26. Nf7+ Kg8 27.
Nh6+ Kh8 28. Qg8+ Rxg8 29. Nf7# 1-0

[Event "DEM U12/U12w 2008"]
[Site "Willingen GER"]
[Date "2008.05.12"]
[Round "3"]
[White "Wagner, Dennis"]
[Black "Carow, Johannes"]
[Result "0-1"]
[Termination "normal"]
[Board "7"]
[WhiteElo "1943"]
[BlackElo "1668"]
[PlyCount "74"]
[WhiteFideId "24650684"]
[BlackFideId "24692050"]
[EventCountry "GER"]
[EventRounds "11"]
[EventType "swiss"]
[EventDate "2008.05.10"]

1. e4 c5 2. Nf3 Nc6 3. d4 cxd4 4. Nxd4 Nf6 5. Nc3 e5 6. Ndb5 d6 7. Bg5 a6 8.
Na3 b5 9. Nd5 Be7 10. Bxf6 Bxf6 11. c3 Ne7 12. Nxf6+ gxf6 13. c4 f5 14. cxb5
fxe4 15. Nc4 Nf5 16. Qd5 Be6 17. Qc6+ Ke7 18. bxa6 Rc8 19. Qb7+ Rc7 20. Qb4 Nd4
21. O-O-O Bxc4 22. Bxc4 Qc8 23. b3 Qxa6 24. Kb1 Qa7 25. Qd2 h6 26. g4 Rxc4 27.
bxc4 Rb8+ 28. Qb2 Rxb2+ 29. Kxb2 Qb6+ 30. Kc3 Qa5+ 31. Kb2 Qb4+ 32. Kc1 Qxc4+
33. Kb1 Qc2+ 34. Ka1 Qc3+ 35. Kb1 Nb5 36. a4 Na3+ 37. Ka2 Nc4 0-1

[Event "DEM U12/U12w 2008"]
[Site "Willingen GER"]
[Date "2008.05.12"]
[Round "3"]
[White "Eigemann, Frederik"]
[Black "Svane, Rasmus"]
[Result "0-1"]
[Termination "normal"]
[Board "8"]
[WhiteElo "1685"]
[BlackElo "1911"]
[PlyCount "78"]
[WhiteFideId "24692034"]
[BlackFideId "4657101"]
[EventCountry "GER"]
[EventRounds "11"]
[EventType "swiss"]
[EventDate "2008.05.10"]

1. e4 c5 2. Nf3 e6 3. d4 cxd4 4. Nxd4 a6 5. Nc3 Qc7 6. Be2 Nf6 7. f3 Nc6 8. Nb3
Bd6 9. g3 Be7 10. Be3 d6 11. Qd2 b5 12. a3 Bd7 13. Rd1 Ne5 14. Bf4 Rd8 15. Bxe5
dxe5 16. O-O h5 17. Bd3 Nh7 18. f4 h4 19. Qf2 hxg3 20. hxg3 Nf6 21. Qf3 exf4
22. gxf4 e5 23. f5 Rh4 24. Rd2 Ng4 25. Nd5 Qa7+ 26. Kg2 Nh2 27. Qf2 Qxf2+ 28.
Rfxf2 Ng4 29. Rf3 Bg5 30. Re2 Bc6 31. Nc7+ Kd7 32. Nxa6 Rdh8 33. Nac5+ Kc8 34.
Na5 Be8 35. b4 Bf4 36. Rxf4 exf4 37. Kf3 Ne5+ 38. Kf2 Rh1 39. Re1 R8h2# 0-1

[Event "DEM U12/U12w 2008"]
[Site "Willingen GER"]
[Date "2008.05.12"]
[Round "3"]
[White "Nöttling, Dominik"]
[Black "Lebeda, Timo"]
[Result "1-0"]
[Termination "normal"]
[Board "9"]
[WhiteElo "1728"]
[BlackElo "1889"]
[PlyCount "77"]
[WhiteFideId "24672807"]
[BlackFideId "4638565"]
[EventCountry "GER"]
[EventRounds "11"]
[EventType "swiss"]
[EventDate "2008.05.10"]

1. e4 c5 2. Nf3 d6 3. d4 cxd4 4. Nxd4 Nf6 5. Nc3 a6 6. Bg5 Nbd7 7. f4 b5 8.
Bxf6 Nxf6 9. e5 b4 10. exf6 bxc3 11. bxc3 Qc7 12. Qd2 gxf6 13. c4 Bb7 14. Rg1
Rc8 15. c3 Qc5 16. Qe3 Bh6 17. Rb1 Ba8 18. Qf2 Qa3 19. Nb3 Qa4 20. Rd1 Qc6 21.
Nd2 O-O 22. Bd3 Bg7 23. Qh4 h6 24. g4 d5 25. g5 Qe6+ 26. Be2 fxg5 27. fxg5 Kh8
28. gxh6 Qxh6 29. Qxh6+ Bxh6 30. cxd5 Bxd5 31. c4 Bxd2+ 32. Rxd2 Bxc4 33. Rd4
Bd3 34. Rxd3 Rc1+ 35. Bd1 Rxd1+ 36. Kxd1 Rd8 37. Rxd8+ Kh7 38. Rd3 Kh8 39. Rh3#
1-0

[Event "DEM U12/U12w 2008"]
[Site "Willingen GER"]
[Date "2008.05.12"]
[Round "3"]
[White "Kyas, Philipp"]
[Black "Pfadenhauer, Johannes"]
[Result "1/2-1/2"]
[Termination "normal"]
[Board "10"]
[WhiteElo "1816"]
[BlackElo "1654"]
[PlyCount "153"]
[WhiteFideId "24670936"]
[BlackFideId "24615269"]
[EventCountry "GER"]
[EventRounds "11"]
[EventType "swiss"]
[EventDate "2008.05.10"]

1. Nf3 Nf6 2. c4 c5 3. Nc3 Nc6 4. d4 cxd4 5. Nxd4 d5 6. cxd5 Nxd5 7. Ndb5 Nxc3
8. Qxd8+ Kxd8 9. bxc3 e5 10. g3 a6 11. Na3 Bc5 12. Bg2 Kc7 13. Nc4 f6 14. Be3
Bxe3 15. Nxe3 Be6 16. O-O Rhd8 17. c4 Nd4 18. Rfe1 Rac8 19. Rac1 b6 20. Kf1 Kd6
21. Red1 Ke7 22. Nd5+ Bxd5 23. Bxd5 Nc6 24. a3 Na5 25. Ke1 Rc5 26. Rc2 Rdc8 27.
a4 R8c7 28. Rb2 Nxc4 29. Bxc4 Rxc4 30. Rxb6 Rxa4 31. Rdb1 a5 32. e3 Ra2 33.
R6b2 Rxb2 34. Rxb2 Ra7 35. Kd2 Kd6 36. Kc3 Kd5 37. f3 a4 38. Rd2+ Kc5 39. Ra2
a3 40. f4 exf4 41. exf4 Kd5 42. Kd3 f5 43. Kc2 Kc4 44. Kb1 Kb3 45. Re2 a2+ 46.
Ka1 Rc7 47. Rb2+ Kc3 48. Kxa2 Kd3 49. Kb1 g6 50. Rb3+ Ke2 51. h3 Rd7 52. Kc2
Rd2+ 53. Kc1 Rd3 54. Rb7 h5 55. Rb2+ Kf3 56. Kc2 Re3 57. Rb6 Kxg3 58. Rxg6+
Kxf4 59. h4 Rh3 60. Kd2 Rxh4 61. Ke2 Rg4 62. Rh6 Kg5 63. Rh8 f4 64. Kf3 Rg3+
65. Kf2 Kg4 66. Rg8+ Kh3 67. Rf8 Rg4 68. Kf3 h4 69. Rh8 Rg1 70. Kxf4 Ra1 71.
Rh7 Ra4+ 72. Kf3 Kh2 73. Rb7 Ra2 74. Rb1 h3 75. Rc1 Ra3+ 76. Kf2 Rg3 77. Rh1+
1/2-1/2

[Event "DEM U12/U12w 2008"]
[Site "Willingen GER"]
[Date "2008.05.12"]
[Round "3"]
[White "Neef, Maximilian"]
[Black "Xu, Xianliang"]
[Result "0-1"]
[Termination "normal"]
[Board "11"]
[WhiteElo "1580"]
[BlackElo "1801"]
[PlyCount "74"]
[WhiteFideId "24692085"]
[BlackFideId "4603230"]
[EventCountry "GER"]
[EventRounds "11"]
[EventType "swiss"]
[EventDate "2008.05.10"]

1. e4 d5 2. exd5 Qxd5 3. Nc3 Qa5 4. d4 c6 5. Bc4 Bf5 6. Nf3 e6 7. Bd2 Nf6 8.
Nd5 Qd8 9. Nxf6+ Qxf6 10. Qe2 Bg4 11. d5 Bxf3 12. gxf3 cxd5 13. Bxd5 Nc6 14.
O-O-O Be7 15. Be4 O-O 16. h4 h6 17. Rdg1 Nb4 18. Kb1 e5 19. Qe3 Qe6 20. b3 Kh8
21. Qe1 a5 22. h5 Nxa2 23. Kxa2 a4 24. Ba5 axb3+ 25. cxb3 Qa6 26. b4 Qc4+ 27.
Kb1 Qb3+ 28. Kc1 Rfc8+ 29. Kd2 Bxb4+ 30. Ke2 Bxe1 31. Bxe1 Qc4+ 32. Bd3 Qd4 33.
Rg4 Qb2+ 34. Kf1 Rc1 35. Re4 Ra2 36. Rh2 Qd2 37. Bc4 Raa1 0-1

[Event "DEM U12/U12w 2008"]
[Site "Willingen GER"]
[Date "2008.05.12"]
[Round "3"]
[White "Müller, Nick"]
[Black "Takeuchi, Eiki"]
[Result "0-1"]
[Termination "normal"]
[Board "12"]
[WhiteElo "1571"]
[BlackElo "1778"]
[PlyCount "140"]
[WhiteFideId "24692093"]
[BlackFideId "24663751"]
[EventCountry "GER"]
[EventRounds "11"]
[EventType "swiss"]
[EventDate "2008.05.10"]

1. e4 c5 2. c3 e6 3. d4 d5 4. exd5 Qxd5 5. Nf3 Nc6 6. Bd3 cxd4 7. cxd4 Nf6 8.
Nc3 Qd8 9. Bb5 Bd7 10. O-O a6 11. Ba4 b5 12. Bc2 Nb4 13. Bb1 Bc6 14. a3 Nbd5
15. Bg5 Be7 16. Ne5 Bb7 17. Re1 Rc8 18. Nxd5 Qxd5 19. Nf3 Qd7 20. Ne5 Qd5 21.
Nf3 O-O 22. Ba2 Qf5 23. Re3 Qc2 24. Qd2 h6 25. Ne1 Qg6 26. Bb1 Be4 27. Bxf6
Bxf6 28. Rxe4 Bg5 29. f4 f5 30. Re2 Bf6 31. Nf3 Rfd8 32. Ba2 Rc6 33. Kh1 Kh7
34. Ne5 Bxe5 35. Rxe5 Rcd6 36. d5 Qg4 37. Qe3 exd5 38. h3 Qh4 39. Bb1 Qh5 40.
g4 d4 41. Qd3 Qh4 42. Bc2 g6 43. Rae1 fxg4 44. Re7+ Kg8 45. Qb3+ Rd5 46. Be4
Qxe1+ 47. Kg2 Qe2+ 48. Kg1 Qe3+ 49. Qxe3 dxe3 50. Bxd5+ Rxd5 51. Rxe3 gxh3 52.
Rxh3 Kg7 53. b4 Rf5 54. Rh4 h5 55. Kf2 Kf6 56. Ke3 Ke6 57. Ke4 Rd5 58. Rh3 Rd1
59. Rc3 Re1+ 60. Kf3 Kd5 61. Rc5+ Kd6 62. Rg5 Re6 63. f5 Rf6 64. Rxg6 Rxg6 65.
fxg6 Ke6 66. Kf4 Kf6 67. g7 Kxg7 68. Kg5 Kf7 69. Kxh5 Ke6 70. Kg4 Kd5 0-1

[Event "DEM U12/U12w 2008"]
[Site "Willingen GER"]
[Date "2008.05.12"]
[Round "3"]
[White "Möhn, Hans"]
[Black "Falter, Lennart"]
[Result "1-0"]
[Termination "normal"]
[Board "13"]
[WhiteElo "1825"]
[BlackElo "1587"]
[PlyCount "101"]
[WhiteFideId "24647837"]
[BlackFideId "24692077"]
[EventCountry "GER"]
[EventRounds "11"]
[EventType "swiss"]
[EventDate "2008.05.10"]

1. e4 e5 2. Bc4 Nf6 3. d3 Nc6 4. Nf3 Be7 5. c3 d6 6. Bb3 O-O 7. Nbd2 Be6 8. Bc2
d5 9. Qe2 Re8 10. Nf1 d4 11. h3 Bc5 12. Ng3 a5 13. a4 h6 14. Nh4 Ne7 15. Qf3
Ng6 16. Nhf5 Ra6 17. Nh5 Nxh5 18. Qxh5 Bxf5 19. exf5 Nf4 20. Qf3 Qd5 21. Qxd5
Nxd5 22. Bb3 Rd6 23. Bxd5 Rxd5 24. c4 Rd6 25. f3 Rb6 26. Kd1 Rd8 27. Kc2 f6 28.
Re1 Kf7 29. Re4 Rbd6 30. f4 Re8 31. Bd2 Ra6 32. Rae1 Bd6 33. g4 Raa8 34. fxe5
fxe5 35. h4 Kf6 36. Rf1 Rh8 37. g5+ hxg5 38. hxg5+ Kf7 39. Rg4 Rh2 40. Kc1 Be7
41. f6 Bd6 42. g6+ Kg8 43. f7+ Kf8 44. Bg5 Be7 45. Rf5 Bxg5+ 46. Rgxg5 b6 47.
Rh5 Rxh5 48. Rxh5 Ke7 49. Rxe5+ Kd7 50. Rd5+ Ke7 51. Rxd4 1-0

[Event "DEM U12/U12w 2008"]
[Site "Willingen GER"]
[Date "2008.05.12"]
[Round "3"]
[White "Niedermayer, Julian Andi"]
[Black "Powierski, Emil"]
[Result "0-1"]
[Termination "normal"]
[Board "14"]
[WhiteElo "1739"]
[BlackElo "1564"]
[PlyCount "56"]
[WhiteFideId "24600792"]
[BlackFideId "4656199"]
[EventCountry "GER"]
[EventRounds "11"]
[EventType "swiss"]
[EventDate "2008.05.10"]

1. Nf3 c5 2. c4 Nf6 3. Nc3 Nc6 4. g3 g6 5. Bg2 Bg7 6. d4 cxd4 7. Nxd4 O-O 8.
O-O Qb6 9. Nb3 d6 10. Bg5 Be6 11. Nd5 Bxd5 12. cxd5 Ne5 13. Be3 Qb5 14. Rc1
Rfc8 15. Qd2 Nc4 16. Qd3 Qa4 17. Bd4 Nd7 18. Bxg7 Kxg7 19. Bh3 Nce5 20. Bxd7
Qxd7 21. Qd4 Kf8 22. Kg2 Qb5 23. e4 Qe2 24. Nd2 Rxc1 25. Rxc1 Nd3 26. Rc3 Ne1+
27. Kg1 Qd1 28. Qb4 Nd3+ 0-1

[Event "DEM U12/U12w 2008"]
[Site "Willingen GER"]
[Date "2008.05.12"]
[Round "3"]
[White "Galkin, Wladislaw"]
[Black "Voggenreiter, Simon"]
[Result "1-0"]
[Termination "normal"]
[Board "15"]
[WhiteElo "1969"]
[BlackElo "1746"]
[PlyCount "57"]
[WhiteFideId "4603192"]
[BlackFideId "24615501"]
[EventCountry "GER"]
[EventRounds "11"]
[EventType "swiss"]
[EventDate "2008.05.10"]

1. d4 Nf6 2. c4 e6 3. Nc3 c5 4. d5 exd5 5. cxd5 d6 6. Nf3 g6 7. Nd2 Bg7 8. Nc4
a6 9. Bf4 Bf8 10. a4 Nh5 11. Qd2 Nxf4 12. Qxf4 f5 13. h4 h5 14. e4 Qc7 15. e5
dxe5 16. Qxe5+ Qxe5+ 17. Nxe5 Bd6 18. Nc4 Bc7 19. d6 Bd8 20. Ne5 Rg8 21. Bc4
Rg7 22. O-O-O Nd7 23. Rhe1 Kf8 24. Nd5 Bxh4 25. Nc7 Nxe5 26. Rxe5 Rxc7 27. dxc7
Bf6 28. Rd8+ Kg7 29. Ree8 1-0

[Event "DEM U12/U12w 2008"]
[Site "Willingen GER"]
[Date "2008.05.12"]
[Round "3"]
[White "Stahnecker, Ludwig"]
[Black "Müller, Alexandra"]
[Result "1-0"]
[Termination "normal"]
[Board "16"]
[WhiteElo "1694"]
[BlackElo "1532"]
[PlyCount "117"]
[WhiteFideId "24692026"]
[BlackFideId "24691496"]
[EventCountry "GER"]
[EventRounds "11"]
[EventType "swiss"]
[EventDate "2008.05.10"]

1. e4 e5 2. Nf3 Nc6 3. Bb5 Nf6 4. O-O Nxe4 5. d4 Nd6 6. Bxc6 dxc6 7. Nxe5 Be7
8. Bf4 Nf5 9. c3 O-O 10. Qe2 Bd6 11. Nd3 Re8 12. Qc2 Be6 13. Nd2 Ne7 14. Bxd6
cxd6 15. Ne4 Bf5 16. Ng3 Bg6 17. Qd2 Bxd3 18. Qxd3 d5 19. b3 Qd7 20. Rae1 Ng6
21. Qd2 a6 22. f4 f6 23. f5 Nh8 24. Qf4 Nf7 25. Nh5 Qd6 26. Qg4 Qf8 27. Nxf6+
Kh8 28. Rxe8 Rxe8 29. Nxe8 Qxe8 30. Kf2 Nh6 31. Qf4 Qe4 32. Qxe4 dxe4 33. Ke3
Kg8 34. Kxe4 Kf7 35. h3 Kf6 36. h4 Nf7 37. g4 h6 38. Rg1 b6 39. Kf4 g5+ 40.
fxg6 Kxg6 41. Re1 Kf6 42. c4 a5 43. d5 cxd5 44. cxd5 Nd8 45. g5+ hxg5+ 46.
hxg5+ Kf7 47. Kf5 Nb7 48. g6+ Kf8 49. g7+ Kxg7 50. Re7+ Kf8 51. Rxb7 a4 52. d6
axb3 53. axb3 b5 54. Ke6 b4 55. d7 Kg7 56. d8=Q+ Kg6 57. Qd5 Kh6 58. Qg2 Kh5
59. Rh7# 1-0

[Event "DEM U12/U12w 2008"]
[Site "Willingen GER"]
[Date "2008.05.12"]
[Round "3"]
[White "Schoepe, Tobias"]
[Black "Moritz, Aron"]
[Result "1-0"]
[Termination "normal"]
[Board "17"]
[WhiteElo "1550"]
[BlackElo "1984"]
[PlyCount "127"]
[WhiteFideId "24692107"]
[BlackFideId "24672319"]
[EventCountry "GER"]
[EventRounds "11"]
[EventType "swiss"]
[EventDate "2008.05.10"]

1. e4 c5 2. Nf3 d6 3. d4 cxd4 4. Nxd4 Nf6 5. Nc3 Bd7 6. Be2 Nc6 7. Be3 g6 8. f3
Bg7 9. Qd2 O-O 10. O-O-O Qa5 11. Nb3 Qc7 12. h4 a5 13. a3 a4 14. Nd4 Nxd4 15.
Bxd4 Rfb8 16. Bxf6 exf6 17. Qxd6 Qxd6 18. Rxd6 Be6 19. Bb5 f5 20. exf5 Bxf5 21.
Bd3 Be6 22. Be4 Bxc3 23. bxc3 Ra5 24. Rb6 Rc5 25. Kb2 Rbc8 26. Rxb7 Rxc3 27.
Rb4 Bd7 28. Rd1 Be8 29. Rd2 R3c5 30. Rd5 Rc3 31. Rd2 R3c5 32. Bd3 Kg7 33. Re2
Kf8 34. Ree4 Rd8 35. Rec4 Re5 36. Re4 Rc5 37. Red4 Ra8 38. Be4 Rac8 39. Bd3 Ra8
40. Rdc4 Re5 41. Rd4 Rc5 42. Rg4 h6 43. Rgf4 Kg8 44. Rf6 Rac8 45. Rfb6 R8c7 46.
Rb8 Re5 47. Bb5 Rce7 48. Bxa4 Kg7 49. Bxe8 Rxe8 50. Rxe8 Rxe8 51. Re4 Rd8 52.
Kc3 Rd1 53. a4 Rg1 54. Rg4 Ra1 55. Kb4 Rb1+ 56. Kc5 Ra1 57. Kb5 Rb1+ 58. Rb4
Rg1 59. a5 Rxg2 60. a6 Rxc2 61. a7 Rc8 62. Rc4 Ra8 63. Rc7 g5 64. h5 1-0

[Event "DEM U12/U12w 2008"]
[Site "Willingen GER"]
[Date "2008.05.12"]
[Round "3"]
[White "Lampert, Jonas"]
[Black "Bonk, Andras"]
[Result "1-0"]
[Termination "normal"]
[Board "18"]
[WhiteElo "1762"]
[BlackElo "1473"]
[PlyCount "59"]
[WhiteFideId "1303759"]
[BlackFideId "24692123"]
[EventCountry "GER"]
[EventRounds "11"]
[EventType "swiss"]
[EventDate "2008.05.10"]

1. e4 c5 2. Nf3 Nc6 3. d4 cxd4 4. Nxd4 e6 5. Nc3 Nge7 6. Ndb5 Ng6 7. Nd6+ Bxd6
8. Qxd6 Qe7 9. Qxe7+ Kxe7 10. b3 a6 11. a4 Nb4 12. Ba3 a5 13. Na2 d6 14. Nxb4
axb4 15. Bxb4 Bd7 16. O-O-O Bc6 17. Rxd6 Ke8 18. f3 Ne7 19. Kb2 Nc8 20. Rd2 Nb6
21. Bc5 Nd7 22. Bd4 e5 23. Bf2 Ke7 24. Bc4 Rac8 25. Bd5 Bxd5 26. Rxd5 Rc7 27.
Rhd1 Rhc8 28. c4 f6 29. g3 Rb8 30. Be1 1-0

[Event "DEM U12/U12w 2008"]
[Site "Willingen GER"]
[Date "2008.05.12"]
[Round "3"]
[White "Lagunov, Elina"]
[Black "Osmanodja, Filiz"]
[Result "0-1"]
[Termination "normal"]
[Board "19"]
[WhiteElo "1431"]
[BlackElo "1984"]
[PlyCount "90"]
[WhiteFideId "4673387"]
[BlackFideId "24633569"]
[EventCountry "GER"]
[EventRounds "11"]
[EventType "swiss"]
[EventDate "2008.05.10"]

1. e4 c5 2. Nf3 d6 3. d4 cxd4 4. Nxd4 Nf6 5. Nc3 a6 6. Bc4 e6 7. Bb3 Nbd7 8.
Bxe6 fxe6 9. Nxe6 Qa5 10. Nxf8 Nxf8 11. O-O Qe5 12. g3 Ng6 13. f4 Qc5+ 14. Kg2
O-O 15. Qd3 b5 16. Be3 Qc6 17. Rad1 Bb7 18. Qxd6 Qxd6 19. Rxd6 Nxe4 20. Nxe4
Bxe4+ 21. Kg1 Bxc2 22. Rc1 Be4 23. Rc7 Rfd8 24. Rcd7 Rxd7 25. Rxd7 Re8 26. Rd6
Bb7 27. Kf2 Ne7 28. Rd7 Bc8 29. Ra7 Nf5 30. Bc5 Rd8 31. Ke2 Rd7 32. Ra8 Rc7 33.
Bb4 Kf7 34. Kd2 Nd4 35. Bd6 Rc6 36. Ba3 Nf3+ 37. Kd1 Nxh2 38. Ra7+ Kf6 39. Be7+
Kg6 40. Bf8 Bg4+ 41. Kd2 h5 42. Rxg7+ Kf6 43. Ra7 Nf1+ 44. Kd3 Nxg3 45. Rh7
Bf5+ 0-1

[Event "DEM U12/U12w 2008"]
[Site "Willingen GER"]
[Date "2008.05.12"]
[Round "3"]
[White "Knopf, Felix"]
[Black "Carmesin, Matthias"]
[Result "0-1"]
[Termination "normal"]
[Board "20"]
[WhiteElo "1412"]
[BlackElo "1641"]
[PlyCount "58"]
[WhiteFideId "24692204"]
[BlackFideId "4635965"]
[EventCountry "GER"]
[EventRounds "11"]
[EventType "swiss"]
[EventDate "2008.05.10"]

1. d4 Nf6 2. Nf3 g6 3. c4 Bg7 4. Nc3 d5 5. Bg5 Ne4 6. e3 Nxg5 7. Nxg5 O-O 8.
Qc2 Bf5 9. Bd3 Bxd3 10. Qxd3 e5 11. h4 h6 12. Nh3 exd4 13. exd4 Re8+ 14. Ne2
dxc4 15. Qxc4 Qxd4 16. Qxd4 Bxd4 17. Nhf4 Bxb2 18. Rb1 Be5 19. Nd3 b6 20. f4
Bf6 21. Kf2 c5 22. Rbc1 Nc6 23. Rc4 Rad8 24. Ndc1 Rd2 25. Kf3 Nd4+ 26. Nxd4
Bxd4 27. h5 Re3+ 28. Kg4 f5+ 29. Kh4 Bf6# 0-1

[Event "DEM U12/U12w 2008"]
[Site "Willingen GER"]
[Date "2008.05.12"]
[Round "3"]
[White "Abdelrazek, Ahmed"]
[Black "Hansch, Karsten"]
[Result "0-1"]
[Termination "normal"]
[Board "21"]
[WhiteElo "1673"]
[BlackElo "1370"]
[PlyCount "118"]
[BlackFideId "24692239"]
[EventCountry "GER"]
[EventRounds "11"]
[EventType "swiss"]
[EventDate "2008.05.10"]

1. e4 c5 2. Nf3 d6 3. d4 cxd4 4. Nxd4 Nf6 5. Nc3 a6 6. Be3 e5 7. Nb3 Be6 8. Be2
Be7 9. Qd2 O-O 10. h3 d5 11. exd5 Nxd5 12. Nxd5 Bxd5 13. O-O Nc6 14. Rad1 Be6
15. Qc3 Qc7 16. Nc5 Bf5 17. f4 Nd4 18. Bc4 Bxc5 19. fxe5 Nxc2 20. Bxf7+ Rxf7
21. Bxc5 b6 22. g4 Qxc5+ 23. Qxc5 bxc5 24. Rxf5 Rxf5 25. gxf5 Ne3 26. Rd6 Nxf5
27. Rc6 Re8 28. Rxc5 Re6 29. Kg2 Nh4+ 30. Kg3 Ng6 31. Kg4 Rxe5 32. Rxe5 Nxe5+
33. Kf5 Nd3 34. Ke4 Nxb2 35. Kd4 Kf7 36. Kc5 Nd1 37. Kb6 Nc3 38. a3 a5 39. Kxa5
Nb1 40. Kb4 Nxa3 41. Kxa3 Kg6 42. Kb3 Kh5 43. Kc3 Kh4 44. Kd2 Kxh3 45. Ke2 Kg2
46. Ke3 h5 47. Kf4 h4 48. Kg5 h3 49. Kg6 h2 50. Kxg7 h1=Q 51. Kg6 Qf1 52. Kg5
Qf3 53. Kg6 Qf4 54. Kh5 Qg3 55. Kh6 Kf3 56. Kh5 Kf4 57. Kh6 Kf5 58. Kh7 Kf6 59.
Kh6 Qg6# 0-1

[Event "DEM U12/U12w 2008"]
[Site "Willingen GER"]
[Date "2008.05.12"]
[Round "3"]
[White "Pührer, Anne"]
[Black "Schnorr, Christian"]
[Result "1/2-1/2"]
[Termination "normal"]
[Board "22"]
[WhiteElo "1369"]
[BlackElo "1650"]
[PlyCount "81"]
[WhiteFideId "24692247"]
[EventCountry "GER"]
[EventRounds "11"]
[EventType "swiss"]
[EventDate "2008.05.10"]

1. e4 c5 2. Nc3 e6 3. g3 b6 4. Bg2 Bb7 5. d3 a6 6. f4 Qc7 7. Nf3 d6 8. O-O Nf6
9. Be3 Be7 10. Qd2 O-O 11. Rae1 Nbd7 12. Nd1 c4 13. Nf2 Rac8 14. Bd4 d5 15. Bc3
Rfd8 16. Qe2 cxd3 17. cxd3 dxe4 18. dxe4 Bc5 19. Ne5 Nxe5 20. Bxe5 Qe7 21. Kh1
Bd4 22. Bxd4 Rxd4 23. a3 Rcd8 24. Rd1 R8d7 25. e5 Bxg2+ 26. Kxg2 Ne8 27. Qxa6
Qd8 28. Qe2 Rd2 29. Rxd2 Rxd2 30. Qb5 Kf8 31. Qb3 Qd4 32. Qc3 Qxc3 33. bxc3 Ra2
34. Rb1 Rxa3 35. Rxb6 Rxc3 36. Rb8 Ke7 37. Rb7+ Rc7 38. Rxc7+ Nxc7 39. Ne4 h6
40. Kf3 Nd5 41. Nc5 1/2-1/2

[Event "DEM U12/U12w 2008"]
[Site "Willingen GER"]
[Date "2008.05.12"]
[Round "3"]
[White "Neumann, Florian"]
[Black "Zimmermann, Christian"]
[Result "0-1"]
[Termination "normal"]
[Board "23"]
[WhiteElo "1350"]
[BlackElo "1645"]
[PlyCount "42"]
[BlackFideId "24692069"]
[EventCountry "GER"]
[EventRounds "11"]
[EventType "swiss"]
[EventDate "2008.05.10"]

1. e4 e5 2. Bc4 Bc5 3. d3 Nc6 4. Nf3 d6 5. Bb3 Nf6 6. c3 O-O 7. Nbd2 h6 8. O-O
Bg4 9. h3 Be6 10. Bc2 Nd7 11. Re1 f5 12. Nf1 fxe4 13. dxe4 Qf6 14. Ng3 Bxh3 15.
Nh5 Qf7 16. Bb3 Be6 17. Qd5 Nd8 18. Qd1 Qxh5 19. Bxe6+ Nxe6 20. Qd5 Qg6 21. Be3
Rxf3 0-1